Zsilinszky emléke [vers, hasonmás] /
Elmentve itt :
| Szerző: | |
|---|---|
| Dokumentumtípus: | Cikk |
| Megjelent: |
1982
|
| Sorozat: | Tiszatáj
36 No. 1 |
| Kulcsszavak: | Magyar irodalom - vers, Bajcsy-Zsilinszky Endre |
| Online Access: | http://tiszataj.bibl.u-szeged.hu/11649 |
| LEADER | 00600nab a2200181 i 4500 | ||
|---|---|---|---|
| 001 | tisza11649 | ||
| 005 | 20200330142832.0 | ||
| 008 | 170518s1982 hu o 0|| hun d | ||
| 022 | |a 0133-1167 | ||
| 040 | |a SZTE Tiszatáj Archívum |b hun | ||
| 041 | |a hun | ||
| 100 | 1 | |a Illyés Gyula | |
| 245 | 1 | 0 | |a Zsilinszky emléke |h [elektronikus dokumentum] : |b [vers, hasonmás] / |c Illyés Gyula |
| 260 | |c 1982 | ||
| 300 | |a 24 | ||
| 490 | 0 | |a Tiszatáj |v 36 No. 1 | |
| 695 | |a Magyar irodalom - vers, Bajcsy-Zsilinszky Endre | ||
| 856 | 4 | 0 | |u http://tiszataj.bibl.u-szeged.hu/11649/1/tiszataj_1982_001_024.pdf |z Dokumentum-elérés |